Central Library OPAC University of Rajshahi

Fiction and the reading public / (Record no. 84601)

MARC details
000 -LEADER
fixed length control field 00744cam a22002411 4500
001 - CONTROL NUMBER
control field 8461536
003 - CONTROL NUMBER IDENTIFIER
rucl marc code BD-RjUL
005 - DATE AND TIME OF LATEST TRANSACTION
control field 20250117172117.0
008 - FIXED-LENGTH DATA ELEMENTS--GENERAL INFORMATION
fixed length control field 250118s1965 nyu b 000 0 eng
035 ## - SYSTEM CONTROL NUMBER
System control number (OCoLC)1142340
040 ## - CATALOGING SOURCE
Original cataloging agency DLC
Transcribing agency OTU
Modifying agency OCoLC
-- NBrockU
-- DLC
Language of cataloging eng
041 ## - LANGUAGE CODE
Language code of text/sound track or separate title eng
082 ## - DEWEY DECIMAL CLASSIFICATION NUMBER
Classification number 028.90942
Edition number 21
Author mark and year LEF 1965
100 1# - MAIN ENTRY--PERSONAL NAME
Personal name Leavis, Q. D.
Fuller form of name (Queenie Dorothy)
9 (RLIN) 14812
245 10 - TITLE STATEMENT
Title Fiction and the reading public /
Statement of responsibility, etc. [by] Q. D. Leavis.
260 ## - PUBLICATION, DISTRIBUTION, ETC. (IMPRINT)
Place of publication, distribution, etc. New York,
Name of publisher, distributor, etc. Chatto & Windus,
Date of publication, distribution, etc. 1965.
300 ## - PHYSICAL DESCRIPTION
Pagination xvi, 348 p.
Size 23 cm.
500 ## - GENERAL NOTE
General note "First published 1932."
504 ## - BIBLIOGRAPHY, ETC. NOTE
Bibliography, etc Bibliography: p. [336]-343.
650 #0 - SUBJECT ADDED ENTRY--TOPICAL TERM
Topical term or geographic name as entry element English fiction
General subdivision History and criticism.
9 (RLIN) 14813
Topical term or geographic name as entry element Books and reading.
9 (RLIN) 14814
942 ## - ADDED ENTRY ELEMENTS (KOHA)
Source of classification or shelving scheme Dewey Decimal Classification
Koha item type Books
Holdings
Lost status Source of classification or shelving scheme Damaged status Not for loan Collection code Permanent Location Current Location Shelving location Date acquired Total Checkouts Full call number Date last seen Copy number Koha item type
  Dewey Decimal Classification   Not For Loan Non-fiction Central Library, University of Rajshahi Central Library, University of Rajshahi Reading Room 17/01/2025   028.90942 LEF 1965 17/01/2025 C-1 Books